|
|
|
|
| LEADER |
00000naa2a2200000 4500 |
| 001 |
282214 |
| 005 |
20231031233009.0 |
| 035 |
|
|
|a (RuTPU)RU\TPU\book\306090
|
| 035 |
|
|
|a RU\TPU\book\305882
|
| 090 |
|
|
|a 282214
|
| 100 |
|
|
|a 20150129d2014 k y0rusy50 ca
|
| 101 |
0 |
|
|a rus
|
| 102 |
|
|
|a RU
|
| 200 |
1 |
|
|a Об информационной избыточности русского языка
|f А. В. Павлов, В. Н. Павлов
|
| 463 |
|
0 |
|0 (RuTPU)RU\TPU\book\285838
|y 978-5-89665-272-4
|t Проблемы и перспективы модернизации российской экономики
|o сборник научных трудов
|f Российская академия наук (РАН), Сибирское отделение (СО), Институт экономики и организации промышленного производства (ИЭОПП) ; под ред. А. В. Алексеева, Л. К. Казанцевой
|v С. 321-325
|d 2014
|p 328 с.
|
| 700 |
|
1 |
|a Павлов
|b А. В.
|
| 701 |
|
1 |
|a Павлов
|b В. Н.
|
| 801 |
|
1 |
|a RU
|b 63413507
|c 20150126
|
| 801 |
|
2 |
|a RU
|b 63413507
|c 20150129
|g RCR
|
| 942 |
|
|
|c BK
|